000 01079nam a2200241 i 4500
001 157534
003 ES-MaACL
005 20250626063204.0
008 040830s1880 sp |||| | spa d
040 _aCAM
_bspa
_cCAM
100 1 _aLeón y Castillo, Fernando,
_d1842-1918
_971655
245 1 0 _aDiscursos que con motivo de la discusión sobre las reformas de Cuba pronunciaron Fernando León y Castillo en las sesiones del 5 y 7 de febrero y Victor Balaguer en las del 13 y 18 del mismo mes.
260 _aMadrid :
_b[s.n.],
_c1880 (
_fImprenta de F. Macias)
300 _a36 p. ;
_c24 cm.
490 1 _aDocumentos parlamentarios
530 _aDisponible en formato digital.
651 4 _aCuba-
_xAdministración.
_9148085
700 1 1 _aBalaguer, Víctor,
_d1824-1901
_924806
830 0 _aDocumentos parlamentarios
_9188120
852 _aES-MaACL
_jT-333-F-5
_z-- Enc. hol.
_q-- Falto de la cub. original
_z-- Enc. en un vol. facticio
856 _uhttp://bdh-rd.bne.es/viewer.vm?id=0000085962&page=1
_zBiblioteca Digital Hispánica
999 _c157534
_d157534